000 00471nam a2200181 a 4500
001 1572
003 CO-ViMGA
008 141112s2004 ck r 000 u spa d
040 _aCO-ViMGA
_bspa
_cCO-ViMGA
082 0 4 _aGOSrl
100 1 _aGoscinny, Rene
_93253
245 1 0 _aLos recreos del pequeño Nicolás
260 _aMadrid :
_bAlfaguara,
_c1987
300 _a115 p : il
490 _aBiblioteca juvenil, 23
650 1 4 _aCUENTOS INFANTILES
_92743
942 _2ddc
_cBK
999 _c13754
_d13754